Divide and pacify : strategic social policies and political protests in post-communist democracies /

Bibliographic Details
Main Author: Vanhuysse, Pieter
Format: Book
Language:English
Published: Budapest, Hungary ; New York : Central European University Press, 2006.
Subjects:
Online Access:Table of contents only

MARC

Tag First Indicator Second Indicator Subfields
LEADER 00000cam a22000004a 4500
001 in00002207828
005 20151104123131.0
008 060706s2006 hu a b 001 0 eng
010 |a  2006022348 
020 |a 9637326790 
020 |a 9789637326790 
029 1 |a YDXCP  |b 2427152 
035 |a (OCoLC)ocm70335125 
035 |a (OCoLC)70335125 
040 |a DLC  |c DLC  |d BAKER  |d C#P  |d YDXCP  |d UtOrBLW 
043 |a e-pl---  |a e-xr---  |a e-hu--- 
049 |a TXAM 
050 0 0 |a JN96.A58  |b V36 2006 
082 0 0 |a 320.9437  |2 22 
100 1 |a Vanhuysse, Pieter. 
245 1 0 |a Divide and pacify :  |b strategic social policies and political protests in post-communist democracies /  |c Pieter Vanhuysse. 
264 1 |a Budapest, Hungary ;  |a New York :  |b Central European University Press,  |c 2006. 
300 |a xx, 170 pages :  |b illustrations ;  |c 24 cm. 
336 |a text  |b txt  |2 rdacontent 
337 |a unmediated  |b n  |2 rdamedia 
338 |a volume  |b nc  |2 rdacarrier 
504 |a Includes bibliographical references (pages [141]-164) and indexes. 
505 0 |a Introduction -- The unexpected peacefulness of transitions -- Political quiescence despite conditions for conflict -- Preventing protests: divide and pacify as political strategy -- The great abnormal pensioner booms: strategic social policies in practice -- Peaceful pathways: the political economy of post- communist welfare -- Conclusions. 
650 0 |a New democracies  |z Europe, Central. 
651 0 |a Europe, Central  |x Social policy. 
650 0 |a Patronage, Political  |z Europe, Central. 
651 0 |a Poland  |x Politics and government  |y 1989- 
651 0 |a Czech Republic  |x Politics and government  |y 1993- 
651 0 |a Hungary  |x Politics and government  |y 1989- 
856 4 1 |3 Table of contents only  |u http://www.loc.gov/catdir/toc/ecip0617/2006022348.html  |t 0 
938 |a Baker & Taylor  |b BKTY  |c 41.95  |d 41.95  |i 9637326790  |n 0006832999  |s active 
938 |a YBP Library Services  |b YANK  |n 2427152 
945 |a PromptCat  |b 43860 
946 |a stk 
947 |a A14835503828 
948 |a cataloged  |b h  |c 2007/1/22  |d c  |e achopde  |f 4:16:46 pm 
994 |a 92  |b TXA 
999 |a MARS 
999 f f |s bcc9e18b-e815-3be9-a62a-6caeb4ad7d8a  |i 3227df4d-e6ed-379f-aac9-702115bde4cd  |t 0 
952 f f |p ric  |a Texas A&M University  |b Rellis Campus  |c Joint Library Facility  |d Remote Storage  |t 0  |e JN96.A58 V36 2006  |h Library of Congress classification  |i unmediated -- volume  |m A14835503828 
998 f f |a JN96.A58 V36 2006  |t 0  |l Remote Storage